|
|
|
|
| LEADER |
01859nam a2200373 i 4500 |
| 001 |
36423 |
| 003 |
BD-DhAAL |
| 005 |
20211129101548.0 |
| 008 |
191023t20152005enka b 001 0 eng |
| 999 |
|
|
|c 41600
|d 41600
|
| 010 |
|
|
|a 2015021206
|
| 020 |
|
|
|a 9781292067506
|
| 040 |
|
|
|a DLC
|b eng
|c DLC
|e rda
|d BD-DhAAL
|
| 042 |
|
|
|a pcc
|
| 050 |
0 |
0 |
|a HF5691
|b .D39 2015
|
| 082 |
0 |
0 |
|a 650.0285554
|2 23
|
| 100 |
1 |
|
|a Day, Alastair L.
|9 36452
|
| 245 |
1 |
0 |
|a Mastering financial mathematics in Microsoft Excel :
|b a practical guide for business calculations /
|c Alastair L. Day.
|
| 250 |
|
|
|a Third Edition.
|
| 260 |
|
|
|a Harlow, England ;
|a London ;
|a New York :
|b Pearson FT Pub. International,
|c 2015
|
| 300 |
|
|
|a xvi, 374 pages :
|b illustrations ;
|c 23 cm.
|
| 500 |
|
|
|a Revised edition of the author's Mastering financial mathematics in Microsoft Excel, 2010.
|
| 504 |
|
|
|a Includes bibliographical references and index.
|
| 505 |
0 |
|
|a Acknowledgements -- About the author -- Introduction -- Basic financial arithmetic -- Cash flows -- Bonds calculations -- Bond risks -- Floating rate securities -- Amortisation and depreciation -- Swaps -- Forward interest rates -- Futures -- Foreign exchange -- Options -- Real options -- Valuation -- Leasing -- Basic statistics -- Appendices -- Index.
|
| 526 |
|
|
|a BBS
|
| 541 |
|
|
|a Karim International
|e 36423
|
| 650 |
|
0 |
|a Business mathematics.
|9 36453
|
| 650 |
|
0 |
|a Microsoft Excel (Computer file)
|9 36454
|
| 650 |
|
0 |
|a Corporations
|x Finance
|x Computer programs
|9 36455
|
| 650 |
|
0 |
|a Finance
|x Mathematical models
|9 36456
|
| 650 |
|
0 |
|a Business & finance
|9 43269
|
| 852 |
|
|
|a Ayesha Abed Library
|c General Stacks
|
| 942 |
|
|
|2 ddc
|c BK
|
| 952 |
|
|
|0 0
|1 0
|2 ddc
|4 0
|6 650_028555400000000_DAY
|7 0
|9 66787
|a BRACUL
|b BRACUL
|c GEN
|d 2019-10-17
|e Karim International
|g 5100.00
|l 0
|o 650.0285554 DAY
|p 3010036423
|r 2019-10-17
|t 1
|v 5100.00
|w 2019-10-17
|y BK
|